| 000 | 006040000a22001690004500 | ||
|---|---|---|---|
| 003 | MACL | ||
| 005 | 20160506152751.0 | ||
| 008 | 160506b xxu||||| |||| 00| 0 eng d | ||
| 040 |
_aMACL _cMACL |
||
| 041 | _aHindi | ||
| 082 | _a800 AWA | ||
| 100 |
_aअवस्थी, रेखा _955484 |
||
| 245 |
_aहद से अनहद गये _bप्रभाष जोशी : स्मृति संचयन _cरेखा अवस्थी |
||
| 260 |
_bस्वराज प्रकाशन _c2010 _aनई दिल्ली |
||
| 350 | _a350 | ||
| 942 |
_cHIN _k800/AWA _2ddc |
||
| 999 |
_c44907 _d44907 |
||